000 00940nam a22002657a 4500
999 _c21571
_d21571
003 AR-CdUCM
008 190312b ||||| |||| 00| 0 spa d
020 _a9786124149054
040 _aMUNICIPALIDAD PROVINCIAL DEL CUSCO
_cBIBLIOTECA MUNICIPAL DEL CUSCO
082 _a338/B35E
_bB35E
100 _aBeltrán Barco, Arlette
_945387
245 _aEvaluación privada de proyectos /
_cArlette Beltrán Barco, Hanny Cueva Beteta
260 _aLima :
_bUniversidad del Pacífico,
_bPearson,
_c2014.
300 _a712 páginas. :
_c17x22 cm.
500 _zIncluye bibliografías
650 _aEvaluación de proyectos
_915126
650 _aRenta (Empresas Industriales)
_945388
650 _aRiesgo (Economía)
_945389
650 _aAdministración de proyectos
_945390
650 _aEstudio de casos
_98657
700 _aCueva, Hanny
_945391
710 _aUniversidad del Pacífico (Lima)
_910408
942 _2ddc
_cLIBROS
945 _aRoel